000 00718nam a2200289Ia 4500
005 20260324144508.0
008 008 260324s9999 xx 000 0 eng d
020 _a9780429040559
037 _aEBOOK
040 _aCRL
040 _beng
040 _cCRL
041 _2eng
041 _aeng
084 _qCRL
100 _aIbrahim S. R. Msabaha
_91219537
245 0 _aConfrontation And Liberation In Southern Africa
245 0 _bRegional Directions After The Nkomati Accord
260 _bTaylor and Francis
260 _c1987
365 _a
365 _b145
856 _uhttp://www.taylorfrancis.com/books/9780429040559
942 _cEBOOK
999 _c1826223
_d1826223